Historia de la guerra del peloponeso

Uloženo v:
Podrobná bibliografie
Hlavní autor: Túcidides
Médium: Kniha
Jazyk:Undetermined
Vydáno: Madrid, España Hernando 1952
Témata:
Tagy: Přidat tag
Žádné tagy, Buďte první, kdo vytvoří štítek k tomuto záznamu!

MARC

LEADER 00000nam a2200000Ia 4500
008 170316s9999 xx 000 0 und d
040 |a cru BVZT 
090 |a 880 T-3h v.2 
100 |a Túcidides 
245 |a Historia de la guerra del peloponeso 
260 |a Madrid, España 
260 |b Hernando 
260 |c 1952 
300 |a 356 páginas Tomo II 
650 |a LITERATURA GRIEGA 
999 |c 11986  |d 11986 
942 |c 15 D  |h 880 T-3h v.2  |2 z